000 01126nam a22003497a 4500
001 0027685
003 KOHA_MİRAKIL
005 20260207002606.0
007 ta
008 110221b1996 tu a|||gr||||#||||0|tur |
020 _a9753892039
_c0,01
040 _aTR-BiSEU
_btur
_cTR-BiSEU
_erda
041 0 _atur
044 _ctu
050 _aDS51.H34
_bS47 1996
100 1 _aŞeşen, Ramazan.
245 1 _aHarran tarihi/
_cRamazan Şeşen ; Ramazan Şeşen.
264 1 _aAnkara :
_bTürkiye Diyanet Vakfı
_c1996
300 _axii, 135 sayfa :
_bres. ;
_c18 cm.
336 _ametin
_btxt
_2rdacontent
337 _aaracısız
_bn
_2rdamedia
338 _acilt
_bnc
_2rdacarrier
490 1 _aTürkiye Diyanet Vakfı yayınları : yayın no: 89.
490 1 _aİlmi eserler serisi ;
_v26.
500 _aDizin var.
500 _aKaynakça var.
650 0 _aHarran (Şanlıurfa, Turkey)--History.
_954983
650 0 _aHarran (Şanlıurfa, Türkiye)--Tarih.
_954984
830 1 _aTürkiye Diyanet Vakfı yayınları : yayın no: 89.
_954985
830 1 _aİlmi eserler serisi ;
_v26.
_930291
942 _2lcc
_cBK
999 _c27619
_d27619